| 000 | 01026cab a2200313 4500 | ||
|---|---|---|---|
| 001 | ABS50391 | ||
| 008 | 090401t1994 xxu||||| |||| 00| 0 eng d | ||
| 035 | _a(Sirsi) u75530 | ||
| 041 | _aeng | ||
| 100 | _aPowell-Smith, V. | ||
| 245 | _aRighting a wrong | ||
| 260 | _c1994 | ||
| 350 | _a0 | ||
| 490 |
_aContract Journal _v373(5969) 7 April 1994, 10(1) |
||
| 520 | _aDiscusses recent Commonwealth case law dealing with interest on late payment after the "President of India v La Pintada Cia Navigacion" 1984 (La Pintada) decision. | ||
| 650 | _aAUSTRALIA | ||
| 650 | _aBROADBANK CORPORATION LTD V MONSGIEI LTD | ||
| 650 | _aCOMPENSATION | ||
| 650 | _aCONTRACT CLAIMS | ||
| 650 | _aCONTRACTUAL TERMS | ||
| 650 | _aHUNGERFORD & OTHERS V WALKER & OTHERS | ||
| 650 | _aINTEREST ON LATE PAYMENT | ||
| 650 | _aLATE PAYMENTS | ||
| 650 | _aMALAYSIA | ||
| 650 | _aPRESIDENT OF INDIA V LA PINTADA CIA NAVIGACION SA | ||
| 690 | _aBUILT ENVIRONMENT-BUILDING CONTRACT FORMS | ||
| 942 | _n0 | ||
| 948 | _c04/03/1997 | ||
| 999 |
_c47526 _d47526 |
||